The ends of power

محفوظ في:
التفاصيل البيبلوغرافية
المؤلف الرئيسي: Haldeman, H. R.
التنسيق: كتاب
اللغة:Undetermined
منشور في: London A Star Book 1978
الموضوعات:
الوسوم: إضافة وسم
لا توجد وسوم, كن أول من يضع وسما على هذه التسجيلة!
Thư viện lưu trữ: Trung tâm Học liệu Trường Đại học Cần Thơ
LEADER 00501nam a2200193Ia 4500
001 CTU_86053
008 210402s9999 xx 000 0 und d
082 |a 364.1 
082 |b H159 
100 |a Haldeman, H. R. 
245 4 |a The ends of power 
245 0 |c H. R. Haldeman 
260 |a London 
260 |b A Star Book 
260 |c 1978 
650 |a Watergate affair, 1972-1974 
650 |x Personal narratives 
904 |i Mai Loan 
980 |a Trung tâm Học liệu Trường Đại học Cần Thơ